000 01182nac a22003497a 4500
001 BR9300044
003 BR-BrBNA
005 20240105121321.0
008 230509b bl.|||m| |||| 00| 0 por d
040 _aBR-BrBNA
_bpor
_cBiblioteca Nacional de Agricultura
072 _aQ54; L02
090 _a5212 BR9300044
100 1 _aRamos, M.G.
100 1 _aSeiffert, N.F.
100 1 _aSalerno, A.R.
100 1 _aAlmeida, E.X. de
100 1 _aFreitas, E.A.G. de
100 1 _aDeschamps, F.C.
110 1 _aEmpresa Catarinense de Pesquisa Agropecuaria S.A., Florianopolis, SC (Brasil)
245 1 _aTabela de composicao de alimentos utilizados nos sistemas de producao de leite, no vale do Itajai e litoral norte de Santa Catarina
260 3 _aFlorianopolis, SC (Brasil):
_c1988.
300 _a17 p.
490 _aDocumentos - Empresa Catarinense de Pesquisa Agropecuaria S.A. (Brazil)
_vno. 95
_xISSN 0100-8986
500 _a9 ref.
650 _aGado Leiteiro
650 _aVolumosos
650 _aComposicao de Alimento
650 _aAnalise Quimica
650 _aSanta Catarina
909 _a202312
_bLúcia Elande
_c55
_dLúcia Elande
942 _2AGRIS
_n0
_cMS
999 _c284603
_d284603